[Event "Reinstorf Blitz op"]
[Site "Reinstorf"]
[Date "2022.02.04"]
[Round "6"]
[White "Skopp, Jonathan"]
[Black "Veiga, Jose Francisco RP"]
[Result "1-0"]
[WhiteElo "1466"]
[BlackElo "2366"]
[PlyCount "31"]
[EventDate "2022.01.29"]
[EventType "swiss (blitz)"]
[EventRounds "9"]
[EventCountry "GER"]
[SourceTitle "CBM 206 Extra"]
[Source "ChessBase"]
[SourceDate "2022.03.31"]
[SourceVersion "1"]
[SourceVersionDate "2022.03.31"]
[SourceQuality "1"]

1. e4 e5 2. Nf3 Nc6 3. Bc4 Nf6 4. Nxe5 Nxe5 5. Bb3 h6 6. d4 Nc6 7. Nc3 d6 8. 0-0 Bg4 9. f3 Bh5 10. Qd3 d5 11. exd5 Nb4 12. Qb5+ c6 13. dxc6 bxc6 14. Re1+ Be7 15. Qxb4 Qb6 16. Qxe7# 1-0

[Event "Reinstorf op"]
[Site "Reinstorf"]
[Date "2022.02.02"]
[Round "5"]
[White "Skopp, Jonathan"]
[Black "Zhou, Leyi Charlotte"]
[Result "1-0"]
[WhiteElo "1466"]
[BlackElo "1240"]
[PlyCount "115"]
[EventDate "2022.01.29"]
[EventType "swiss"]
[EventRounds "9"]
[EventCountry "GER"]
[SourceTitle "CBM 206 Extra"]
[Source "ChessBase"]
[SourceDate "2022.03.31"]
[SourceVersion "1"]
[SourceVersionDate "2022.03.31"]
[SourceQuality "1"]

1. e4 e5 2. Nf3 Nc6 3. Bc4 Nf6 4. d4 exd4 5. 0-0 Nxe4 6. Re1 d5 7. Bxd5 Qxd5 8. Nc3 Qc4 9. Rxe4+ Be6 10. Nxd4 0-0-0 11. Nce2 Bc5 12. b3 Qd5 13. Nc3 Bxd4 14. Nxd5 Rxd5 15. Rxd4 Rxd4 16. Qe2 Rhd8 17. Be3 R4d5 18. h3 Nd4 19. Bxd4 Rxd4 20. Qe3 b6 21. c3 Rd3 22. Qe4 g6 23. Qa8+ Kd7 24. Qxa7 Rxc3 25. Qa4+ Ke7 26. Qh4+ Ke8 27. Qxh7 Rc2 28. Qh8+ Ke7 29. Qh4+ Ke8 30. Qa4+ Ke7 31. Qa3+ Ke8 32. Rc1 Rdd2 33. Rxc2 Rxc2 34. Qa4+ Ke7 35. a3 Rc3 36. Qb4+ Rc5 37. Qh4+ g5 38. Qg3 Rc1+ 39. Kh2 f6 40. b4 c5 41. Qc7+ Bd7 42. Qxb6 cxb4 43. Qe3+ Be6 44. Qxc1 bxa3 45. Qxa3+ Kf7 46. Qd6 f5 47. f4 gxf4 48. Qxf4 Kf6 49. g4 Kg6 50. Kg3 fxg4 51. hxg4 Bf7 52. Qf5+ Kg7 53. g5 Be8 54. Qf6+ Kg8 55. Kg4 Bd7+ 56. Kh5 Be8+ 57. Kh6 Bf7 58. Qg7# 1-0

[Event "GER-ch Net Amateur Gr-C Vor2"]
[Site "Playchess.com INT"]
[Date "2020.04.15"]
[Round "3"]
[White "Skopp, Jonathan"]
[Black "Serrer, David"]
[Result "1/2-1/2"]
[WhiteElo "1594"]
[BlackElo "1631"]
[PlyCount "55"]
[EventDate "2020.04.15"]
[EventType "swiss (blitz)"]
[EventRounds "9"]
[EventCountry "GER"]
[SourceTitle "CBM 196 Extra"]
[Source "ChessBase"]
[SourceDate "2020.07.31"]
[SourceVersion "1"]
[SourceVersionDate "2020.07.31"]
[SourceQuality "1"]

1. d4 Nf6 2. Bf4 d5 3. e3 c5 4. c3 Nc6 5. Nf3 Bg4 6. Nbd2 e6 7. Bd3 c4 8. Bc2 b5 9. a3 a5 10. h3 Bh5 11. g4 Bg6 12. Ne5 Nxe5 13. Bxe5 Ne4 14. Nxe4 Bxe4 15. f3 Bxc2 16. Qxc2 f6 17. Bg3 b4 18. axb4 axb4 19. Rxa8 Qxa8 20. 0-0 Be7 21. e4 0-0 22. exd5 exd5 23. Re1 Re8 24. Qe2 Kf7 25. Qe6+ Kf8 26. Qe2 bxc3 27. bxc3 Qa3 28. Qe3 1/2-1/2

[Event "GER-ch Net Amateur Gr-C Vor2"]
[Site "Playchess.com INT"]
[Date "2020.04.15"]
[Round "8"]
[White "Skopp, Jonathan"]
[Black "Sikorsky, Reinhard"]
[Result "0-1"]
[WhiteElo "1614"]
[BlackElo "1639"]
[PlyCount "60"]
[EventDate "2020.04.15"]
[EventType "swiss (blitz)"]
[EventRounds "9"]
[EventCountry "GER"]
[SourceTitle "CBM 196 Extra"]
[Source "ChessBase"]
[SourceDate "2020.07.31"]
[SourceVersion "1"]
[SourceVersionDate "2020.07.31"]
[SourceQuality "1"]

1. d4 d5 2. Bf4 Nf6 3. Nf3 Nc6 4. e3 e6 5. c3 Bd6 6. Bg3 Bxg3 7. hxg3 Qe7 8. Bd3 Bd7 9. Nbd2 0-0-0 10. b4 h6 11. b5 Nb8 12. Qa4 a6 13. Rb1 axb5 14. Bxb5 Bxb5 15. Qxb5 b6 16. a4 Qd7 17. Qb4 Nc6 18. Qb3 Na5 19. Qa3 Kb7 20. Ke2 Ra8 21. Rb2 Rhc8 22. Rhb1 Ra6 23. Qc5 Qc6 24. Qa3 Nc4 25. Nxc4 Qxc4+ 26. Kd2 Ne4+ 27. Kc2 Rxa4 28. Rxb6+ cxb6 29. Qe7+ Rc7 30. Rxb6+ Kxb6 0-1

[Event "GER-ch Net Amateur Gr-C Vor1"]
[Site "Playchess.com INT"]
[Date "2020.04.14"]
[Round "2"]
[White "Kuever, Bastian"]
[Black "Skopp, Jonathan"]
[Result "0-1"]
[WhiteElo "1433"]
[BlackElo "1620"]
[PlyCount "60"]
[EventDate "2020.04.14"]
[EventType "swiss (blitz)"]
[EventRounds "9"]
[EventCountry "GER"]
[SourceTitle "CBM 196 Extra"]
[Source "ChessBase"]
[SourceDate "2020.07.31"]
[SourceVersion "1"]
[SourceVersionDate "2020.07.31"]
[SourceQuality "1"]

1. d4 Nf6 2. Bf4 e6 3. e3 d5 4. Nf3 c5 5. c3 Nc6 6. Nbd2 Be7 7. Bd3 h6 8. Ne5 0-0 9. Qe2 cxd4 10. cxd4 Qb6 11. Ndf3 Ne4 12. 0-0 f5 13. Nxc6 bxc6 14. Bxe4 fxe4 15. Ne5 c5 16. Bg3 cxd4 17. exd4 Qxd4 18. Nc6 Qf6 19. Rac1 Bb7 20. Nxe7+ Qxe7 21. Rc7 Qb4 22. a3 Qb6 23. Rfc1 Rac8 24. Bd6 Qxd6 25. Rxc8 Rxc8 26. Rxc8+ Bxc8 27. h3 e5 28. Kh2 Bb7 29. Qb5 Qc6 30. Qa4 Qxa4 0-1

[Event "Heusenstamm Sparkassen op-B 4th"]
[Site "Heusenstamm"]
[Date "2017.11.26"]
[Round "6"]
[White "Werner, Tom"]
[Black "Skopp, Jonathan"]
[Result "1/2-1/2"]
[WhiteElo "1627"]
[BlackElo "1218"]
[PlyCount "82"]
[EventDate "2017.11.23"]
[EventType "swiss"]
[EventRounds "7"]
[EventCountry "GER"]
[SourceTitle "EXT 2019"]
[Source "ChessBase"]
[SourceDate "2018.10.10"]
[SourceVersion "1"]
[SourceVersionDate "2018.10.10"]
[SourceQuality "1"]

1. c4 Nf6 2. g3 c6 3. Bg2 d5 4. cxd5 cxd5 5. d4 Bf5 6. Nc3 e6 7. e3 Be7 8. Nf3 Nbd7 9. 0-0 Ne4 10. Nd2 Ndf6 11. Ndxe4 Nxe4 12. Nxe4 Bxe4 13. Bxe4 dxe4 14. Qg4 0-0 15. Qxe4 Qb6 16. b3 Rac8 17. Bb2 Rc7 18. Rac1 Rfc8 19. Qb1 Qa5 20. a3 Bxa3 21. Qa2 Bb4 22. Qxa5 Bxa5 23. Rxc7 Rxc7 24. Rc1 Rxc1+ 25. Bxc1 Bb4 26. Kf1 Kf8 27. Ke2 Ke7 28. Kd3 b5 29. Bb2 Kd6 30. e4 f6 31. f4 Kc6 32. g4 h6 33. f5 exf5 34. gxf5 Bd6 35. e5 fxe5 36. dxe5 Bf8 37. Kd4 Be7 38. Ke4 Bg5 39. e6 Bf6 40. Ba3 a5 41. Kd3 Kc7 1/2-1/2

[Event "Heusenstamm Sparkassen op-B 4th"]
[Site "Heusenstamm"]
[Date "2017.11.25"]
[Round "5"]
[White "Skopp, Jonathan"]
[Black "Stork, Christopher"]
[Result "1/2-1/2"]
[WhiteElo "1218"]
[BlackElo "1664"]
[PlyCount "43"]
[EventDate "2017.11.23"]
[EventType "swiss"]
[EventRounds "7"]
[EventCountry "GER"]
[SourceTitle "EXT 2019"]
[Source "ChessBase"]
[SourceDate "2018.10.10"]
[SourceVersion "1"]
[SourceVersionDate "2018.10.10"]
[SourceQuality "1"]

1. d4 d5 2. Bf4 Nf6 3. Nf3 e6 4. e3 c5 5. c3 Nc6 6. Nbd2 Bd6 7. Ne5 Qc7 8. Ndf3 0-0 9. Bg3 Ne4 10. Nxc6 bxc6 11. Bxd6 Qxd6 12. Nd2 Nf6 13. Nf3 Rb8 14. Qc2 cxd4 15. cxd4 Bd7 16. Bd3 Rb6 17. 0-0 Rfb8 18. b3 Rc8 19. Rfc1 Qa3 20. Ne5 h6 21. Qc5 Qxc5 22. Rxc5 1/2-1/2